000 00654cam a22002413a 4500
001 11345
003 PGUSA
005 20140828083235.0
008 040201s2004||||xxu|||||s|||||000 | eng d
040 _aPGUSA
_beng
042 _adc
050 4 _aLC
100 1 _aKrishnamurti, J.
_q(Jiddu),
_d1895-1986
245 1 0 _aEducation as Service
_h[electronic resource] /
_cJ. Krishnamurti
260 _bProject Gutenberg,
_c2004
506 _aPublic domain in the USA.
516 _aElectronic text
653 _aEducation
653 _aTheosophy
830 0 _aProject Gutenberg
_v11345
856 4 0 _uhttp://www.gutenberg.org/ebooks/11345
942 _cEB
999 _c240600
_d240600